Die einzigen beiden EU-Mitgliedsstaaten - Statistiken

Allgemein
  • Dieses Quiz wurde 280 mal gespielt
  • Das Durchschnittsergebnis liegt bei 11 aus 15
Antwortstatistiken
Fakt EU-Mitgliedsstaat % Korrekt
Mit Schwedisch als Amtssprache Schweden, Finnland
98%
Mit einer Hauptstadt die mit A beginnt Griechenland, Niederlande
94%
Die sowohl an die Ost- als auch an die Nordsee grenzen Dänemark, Deutschland
90%
Mit einer Fläche von über 500.000 qm Frankreich, Spanien
89%
Und Alpenländer mit Zugang zur Adria Italien, Slowenien
88%
Mit einer Hauptstadt die mit V beginnt Litauen, Malta
84%
Mit Fernsehtürmen mit 368m Höhe Lettland, Deutschland
74%
Die bisher zweimal einen EU Kommissionspräsidenten stellten Frankreich, Italien
69%
Mit einer Lebenserwartung unter 75 Jahren Bulgarien, Rumänien
64%
Die im Jahr 1973 der EU beigetreten sind Dänemark, Irland
60%
Mit einer Bevölkerungszahl von ca. 10,6 Mio Einwohner*innen Griechenland, Tschechien
60%
Mit einem Ausländeranteil von unter 1% Polen, Rumänien
55%
Mit der niedrigsten Staatsverschuldung Estland, Malta
49%
Mit einem BIP unter 20 Mrd € Malta, Zypern
45%
Mit Amtssprachen die keinen offiziellen Status in der EU genießen Luxemburg, Zypern
42%
Keine übereinstimmenden Quizze gefunden
Verteilung der Resultate
Anzahl Personen mit jedem Resultat
Perzentil nach korrekt beantworteten Fragen
Ihre Resultats-Entwicklung
Sie haben dieses Quiz noch nicht gespielt